Macroeconomics / (Record no. 1773)

MARC details
000 -LEADER
fixed length control field 01875cam a22001814a 4500
020 ## - INTERNATIONAL STANDARD BOOK NUMBER
ISBN 0131860267
020 ## - INTERNATIONAL STANDARD BOOK NUMBER
ISBN 9780131860261
050 00 - CALL NUMBER
Classification number HB172.5
Item number .B573
100 1# - AUTHOR
Personal name Blanchard, Olivier
245 10 - TITLE
Title Macroeconomics /
Statement of responsibility, etc Olivier Blanchard.
250 ## - EDITION
Edition statement 4th ed.
260 ## - PUBLICATION INFORMATION
Place of publication Upper Saddle River, N.J. :
Name of publisher Pearson Prentice Hall,
Year of publication c2006.
300 ## - DESCRIPTION
Number of Pages xxiv, 587, [35] p. :
Other physical details ill. (some col.) ;
Dimensions 26 cm.
500 ## - NOTES
General note Includes bibliographical references and index.
505 ## - FORMATTED CONTENTS NOTE
Table of Content INTRODUCTIONChapter 1. A Tour of the WorldChapter 2. A Tour of the Book THE COREThe Short Run (IS-LM)Chapter 3. The Goods Market.Chapter 4. Financial MarketsChapter 5. Goods and Financial Markets: The IS-LM ModelThe Medium Run (AD-AS)Chapter 6. The Labor MarketChapter 7. Putting All Markets Together. The AS-AD ModelChapter 8. The Natural Rate of Unemployment and The Phillips CurveChapter 9. Inflation, Activity, and Nominal Money GrowthThe Long RunChapter 10. The Facts of GrowthChapter 11. Saving, Capital Accumulation, and OutputChapter 12. Technological Progress and GrowthChapter 13. Technological Progress, Wages, and Unemployment EXTENSION: EXPECTATIONSChapter 14. Expectations: The Basic Tools Chapter 15. Financial Markets and Expectations Chapter 16. Expectations, Consumption, and InvestmentChapter 17. Expectations, Output, and Policy EXTENSION: THE OPEN ECONOMYChapter 18. Openness in Goods and Financial MarketsChapter 19. The Goods Market in an Open EconomyChapter 20. Output, the Interest Rate, and the Exchange RateChapter 21. Exchange Rate RegimesChapter 22. Depressions and Slumps EXTENSION: PATHOLOGIESChapter 23. High inflationChapter 24. Should Policy Makers Be Restrained? BACK TO POLICYChapter 25. Monetary Policy: A Summing UpChapter 26. Fiscal Policy: A Summing Up EPILOGUEChapter 27. Epilogue: The Story of Macroeconomics
650 #0 - SUBJECTS
Topical Term Macroeconomics.
942 ## - ADDED ENTRY ELEMENTS (KOHA)
Koha item type Books
Holdings
Withdrawn status Lost status Home library Current library Shelving location Date acquired Full call number Accession Number Copy number Koha item type Collection code
    Methodist University Library Main Methodist University Library Main General Stacks   HB172.5 .B573 23662 1 Books  
    Methodist University Library Main Methodist University Library Main General Stacks 22/01/2018 HB172.5 .B573 23659 2 Books Reference
    Methodist University Library Main Methodist University Library Main General Stacks 22/01/2018 HB172.5 .B573 23661 3 Books  
    Methodist University Library Tema Methodist University Library Tema Reference 31/01/2009 HB172.5 .B573 23658 1 Books  
Copyright © 2026  MUG Library